[Event "Paris NAO GM 3rd"]
[Site "Paris"]
[Date "2003.12.21"]
[Round "7"]
[White "Shchekachev, Andrei"]
[Black "Maze, Sebastien"]
[Result "1/2-1/2"]
[WhiteElo "2522"]
[BlackElo "2464"]
[Annotator "Ribli,Z"]
[PlyCount "80"]
[EventDate "2003.12.15"]
[EventType "tourn"]
[EventRounds "9"]
[EventCountry "FRA"]
[EventCategory "9"]
[SourceTitle "CBM 099"]
[Source "ChessBase"]
[SourceDate "2004.03.30"]
[SourceVersion "1"]
[SourceVersionDate "2004.03.30"]
[SourceQuality "1"]

1. Nf3 c5 2. e4 Nc6 3. d4 cxd4 4. Nxd4 Qc7 5. Nc3 e6 6. Be2 Nf6 7. O-O a6 8.
Be3 {Diese klassische Variante ist heutzutage sehr populär. Weiß möchte mit
f2-f4 eine Angriffsstellung erreichen.} Bb4 9. Na4 b5 {Dieser Zug wird
wirklich selten gespielt. Die populären Alternativen sind 9...Bd6, 9...0-0 und
9...0-0.} 10. Nxc6 (10. Nb6 Rb8 11. Nxc8 Rxc8 12. a4 Nxd4 13. Bxd4 e5 14. c3
Be7 15. Be3 Rb8 16. axb5 axb5 17. Qd3 O-O 18. Ra7 Qc6 19. Rfa1 b4 20. c4 Ra8
21. f3 {1/2-1/2 Van der Wiel,J-Horvath,J/AUT 2001/EXT 2002 (21)}) 10... Qxc6 {
Ein seltener Zug in der Nebenvariante - gewöhnlich nimmt Schwarz den Springer
mit dem Bauern zurück, aber in diesem Fall bekommt Weiß eine aktive Stellung
ohne Risiko.} (10... dxc6 11. Bc5 $14) 11. Nb6 Rb8 12. e5 Bb7 (12... Ng8 13.
Nxc8 (13. Qd4 Ba5 14. Nxc8 Rxc8 15. Rfd1 Ne7 16. Bd3 Qc7 17. Be4 Nc6 18. Bxc6
Qxc6 19. c3 Bc7 20. Rd3 O-O 21. Rad1 a5 22. Bg5 {1-0 Mirabile,T-Goregliad,S/
Long Island 1995/EXT 2002 (36)}) 13... Rxc8 14. Bd3 Bc5 15. Qg4 g6 16. Rfe1 Ne7
17. Qh4 Bxe3 18. Rxe3 Nd5 19. Re4 h6 {1/2-1/2 Vratonjic,S-Vojinovic,G/Kladovo
1994/EXT 2000 (54)}) 13. Bf3 (13. f3 $2 Bc5 $17) 13... Ne4 $146 {Der Textzug
ist viel besser, als die Alternative 13...Nd5.} (13... Nd5 14. Nxd5 exd5 15.
Qd4 Be7 16. c3 O-O 17. Rfd1 {1-0 Ostojic,P-Bukic,E/Skopje 1962/EXT 2000 (49)})
14. c4 $1 {[%csl Rc6][%cal Ga1c1,Gc1c6][%mdl 4] Weiß möchte die c-Linie öffnen.
} (14. Bxe4 $2 Qxe4 15. Qxd7+ Kf8 $19) (14. c3 Be7 15. a4 $5 $14 (15. Qd4 Bc5 (
15... Rd8 16. Rfe1 $16) 16. Qxd7+ Qxd7 17. Nxd7 Kxd7 18. Bxe4 Bxe3 (18... Bxe4
19. Bxc5 $14) 19. Bxb7 Bf4 20. Rad1+ Kc7 $11 21. Bxa6 Rb6)) 14... bxc4 15. Rc1
c3 $8 16. bxc3 Be7 17. c4 {[%cal Gc4c5]} (17. Re1 Qc7 18. Qd4 f5 $13) 17... Qc7
18. c5 {[%csl Gc5]} f5 $1 (18... O-O $2 19. Qxd7 $18) 19. exf6 Nxf6 {[#]} 20.
Nxd7 $1 {[%mdl 64] Ein schönes zeitweiliges Springeropfer, das zu
Vereinfachungen mit weißem Plusbauern führt.} Qxd7 (20... Nxd7 21. c6 Ba8 22.
cxd7+ Qxd7 23. Bxa8 Rxa8 (23... Qxd1 24. Rfxd1 Rxa8 25. Rc7 $16) 24. Qh5+ g6
25. Qg4 $16) 21. Qxd7+ Nxd7 22. Bxb7 (22. c6 Bc8 (22... Ne5 23. Rb1 $16) 23.
cxd7+ Bxd7 24. Rfd1 $14) 22... Rxb7 23. c6 {[%cal Rc6b7,Rc6d7]} Rc7 (23... Rb8
24. cxd7+ Kxd7 25. Rfd1+ Ke8 26. Rc6 $16 {[%cal Rc6a6,Rc6e6]}) 24. Bf4 (24.
cxd7+ Rxd7 25. Rc6 Rd6 26. Rfc1 Kf7 27. Rxd6 Bxd6 28. Rc6 $16) 24... e5 (24...
Rc8 $2 25. cxd7+ Kxd7 26. Rfd1+ $18) 25. cxd7+ Rxd7 26. Bxe5 $16 {Weiß hat
einen Bauern mehr. Andererseits ist die Verwertung des Materialvorteils gar
nicht leicht.} O-O 27. Rc2 Rf5 28. f4 Bd6 $1 {Nach diesem Zug kann Schwarz die
Läufer tauschen und im Turmendspiel gibt es gewöhnlich bessere Rettungschancen
für den Verteidiger.} (28... g5 $6 29. g4 Rf8 30. f5 $16) 29. Rc6 {Natürlich,
29.Rd2 oder 29.Rd1 geht nicht wegen 29...Bc5+.} Bxe5 30. fxe5 Rxf1+ (30... Rxe5
$4 31. Rc8+ $18) 31. Kxf1 Ra7 32. Ke2 Kf7 33. Ke3 a5 34. Ke4 (34. a4 $16) 34...
a4 35. Kf5 (35. a3 Rb7 36. Ra6 Rb2 37. Ra7+ $16) 35... Rb7 {[%cal Gb7b2]} 36.
Ra6 g6+ 37. Ke4 Rb2 $11 {[%csl Gb2][%cal Rb2h2,Rb2a2] Endlich ist der schwarze
Turm aktiv und Weiß kann seinen Mehrbauern nicht verwerten.} 38. Rxa4 Rxg2 39.
Ra7+ Ke6 40. Ra6+ Ke7 1/2-1/2

[Event "NED-chT 0102 playoff"]
[Site "Enschede"]
[Date "2002.05.10"]
[Round "2.6"]
[White "Van den Doel, Erik"]
[Black "Ljubojevic, Ljubomir"]
[Result "1/2-1/2"]
[WhiteElo "2583"]
[BlackElo "2548"]
[Annotator "Ribli,Z"]
[PlyCount "84"]
[EventDate "2002.05.09"]
[EventType "team-k.o."]
[EventRounds "2"]
[EventCountry "NED"]
[SourceTitle "CBM 089"]
[Source "ChessBase"]
[SourceDate "2002.08.12"]
[SourceVersion "1"]
[SourceVersionDate "2002.08.12"]
[SourceQuality "1"]
[WhiteTeam "Ordina Breda"]
[BlackTeam "Hilversum HSG"]
[WhiteTeamCountry "NED"]
[BlackTeamCountry "NED"]

1. e4 c5 2. Nf3 e6 3. d4 cxd4 4. Nxd4 Nc6 5. Nc3 Qc7 6. Be2 a6 7. O-O Nf6 8.
Be3 Bb4 9. Na4 Be7 10. Nxc6 bxc6 11. Nb6 Rb8 12. Nxc8 Qxc8 13. Bd4 {Dieser Zug
wurde erstmals in der Partie Dolmatov,S - Tunik,G Russland 1998 gespielt.
Davor spielte man die Variante 13.e5 Nd5 14.Bc1 Bc5.} O-O {Zuletzt bevorzugt
man diese Fortsetzung, aber 13...c5 14.Be5 Rb6 15.b3 oder 15.Qd3 ist auch
spielbar.} 14. Qd3 {[%cal Gd3g3] Der Textzug hält die Spannung aufrecht - die
Alternative wäre 14.e5.} Qc7 {Schwarz verbessert die Stellung seiner Dame und
verhindert das Manöver 15.Qg3.} (14... c5 15. Bc3 Rd8 16. Ba5 Re8 17. c4 d6 18.
b3 Nd7 19. Rad1 Ne5 20. Qg3 Nc6 21. Bc3 e5 22. f4 Nd4 23. Bg4 Qc7 24. Kh1 Bf6
25. Bxd4 exd4 26. Bf3 {1/2-1/2 Nieminen,K-Issakainen,A/FIN 2000/EXT 2002 (50)})
15. e5 (15. b3 a5 16. Rad1 d5 17. exd5 Nxd5 18. Bf3 Rfd8 19. c4 Nf6 20. Qc3 Bd6
21. g3 c5 22. Bxf6 gxf6 23. Qxf6 Be7 24. Qh6 Qe5 25. Rde1 {1/2-1/2 Shirov,
A-Anand,V/Linares ESP 2002/(52)}) 15... Nd5 $11 {[%csl Gd5] Schwarz hat zwei
positionelle Drohungen: A) 16...Nf4 nebst Abtausch des Be2 und B) 16...c5 mit
Abtausch des schwarzfeldrigen Läufers auf c3 oder e3.} 16. Qg3 (16. Qxa6 $2 c5
$17 {[%csl Rd4]}) (16. c4 Nf4 17. Qe4 Nxe2+ 18. Qxe2 c5 19. Bc3 d5 20. exd6
Bxd6 $11) 16... c5 17. c4 (17. Bc3 $6 Nxc3 18. Qxc3 d5 $15 19. exd6 $2 Bxd6 $17
{[%cal Rc7h2,Rd6e5,Re5a1]}) 17... Nf4 $1 {Schwarz opfert einen Bauern und
bekommt starkes Spiel auf den schwarzen Feldern.} (17... cxd4 $6 18. cxd5 d6 (
18... Qc2 19. Bd3 $16 Qxb2 $2 20. d6 Bd8 21. Rab1 $18) 19. dxe6 dxe5 (19...
fxe6 20. Bd3 dxe5 21. Qh3 g6 22. Qxe6+ $14) 20. exf7+ Rxf7 (20... Kh8 21. Bd3
$16) 21. Rac1 $16 {[%cal Re2c4,Rc4g8,Rc1c7]}) 18. Qxf4 cxd4 19. Qxd4 Bc5 $44
20. Qc3 Qb6 $5 {[%cal Gb6g1,Rb8b2]} (20... d6 21. Rab1 (21. exd6 Bxd6 22. g3
Be5 $15) 21... dxe5 22. b4 Bd4 $13 {[%csl Gd4] Weiß hat eine Bauernmehrheit am
Damenflügel, aber der schwarze Bd4 ist sehr stark.}) 21. Rab1 Bd4 22. Qd2 (22.
Qg3 Qc7 $11 {[%csl Re5]}) 22... a5 $5 {[%mdl 32] Schwarz nimmt den Pe5 noch
nicht, sondern verhindert zuerst den Raumgewinnzug b2-b4.} (22... Bxe5 23. b4
$5 $13 (23. Qxd7 Rfd8 24. Qe7 Bf6 25. Qa3 Bxb2 $11)) 23. Bf3 Bxe5 24. Qxd7 Rfd8
(24... Bxb2 $11) 25. Qe7 Bd6 (25... Bf6 26. Qa3 Bxb2 $11) 26. Qg5 Bc5 {[%mdl
2048] Weiß hat einen Bauern mehr, abes das hat keine Bedeutung - die schwarzen
Figuren stehen sehr aktiv.} 27. a3 (27. b3 h6 28. Qc1 Rd4 $11 {[%cal Gb8d8,
Gd8d2]}) 27... Rd4 {Jetzt hängt der Pc4, und Schwarz kann auf der d-Linie die
Türme verdoppeln.} 28. Qc1 Rbd8 29. Kh1 Rd2 {[%csl Gd2,Rf2]} 30. Rd1 Rxd1+ (
30... Rxf2 31. Rxd8+ Qxd8 32. b4 $36) 31. Bxd1 Bxf2 {[%csl Gf2] Schwarz hat
das materielle Gleichgewicht wiederhergestellt, dafür kann Weiß jetzt seine
Bauernmehrheit am Damenflügel mobilisieren.} 32. b4 Qd4 {[%cal Gd4h4]} 33. Bf3
(33. bxa5 $6 Qe5 $15) 33... Qh4 34. c5 g5 $5 {Auf den ersten Blick scheint es,
als würde Schwarz seinen Königsflügel schwächen, in Wirklichkeit aber
mobilisiert er mit dem Textzug seine Reserven.} (34... Bg3 35. h3 Be5 36. Qe1
Qf4 37. Qg1 $11) 35. c6 g4 36. Be2 (36. c7 Rc8 37. Bb7 Bg3 38. Qg1 Rxc7 39.
bxa5 Bf2 $15) 36... Bg3 37. Qg1 Rd2 (37... Bf2 38. g3 Bxg1 39. gxh4 $16) 38.
Bxg4 Qxg4 39. hxg3 Qh5+ (39... Qxg3 40. Qh2 $16) 40. Qh2 Rd1+ 41. Rxd1 Qxd1+
42. Qg1 Qh5+ 1/2-1/2

[Event "Balatonbereny GM"]
[Site "Balatonbereny"]
[Date "1995.??.??"]
[Round "7"]
[White "Anka, Emil"]
[Black "Landa, Konstantin"]
[Result "1/2-1/2"]
[WhiteElo "2410"]
[BlackElo "2515"]
[Annotator "Ribli,Z"]
[PlyCount "101"]
[EventDate "1995.08.??"]
[EventType "tourn"]
[EventRounds "11"]
[EventCountry "HUN"]
[EventCategory "11"]
[SourceTitle "CBM 050"]
[Source "ChessBase"]
[SourceDate "1996.02.01"]
[SourceVersion "1"]
[SourceVersionDate "1996.02.01"]
[SourceQuality "1"]

1. e4 {Hecht} c5 2. Nf3 Nc6 3. d4 cxd4 4. Nxd4 Qc7 5. Nc3 e6 6. f4 Nxd4 7. Qxd4
a6 8. Be3 b5 9. Be2 Bb7 10. Bf3 Rc8 11. O-O h5 12. Rad1 Nf6 13. h3 (13. Kh1 Be7
14. Rd2 d6 15. a4 b4 16. Nd1 O-O 17. Nf2 e5 $36 {Nunn,J-Andersson,U/Szirak izt/
1987/CBM03/INF44,212/}) 13... h4 14. Rf2 $5 {Mit diesem relativ neuen Versuch
will Weiss in Vorteil kommen.} (14. e5 Nh5 15. Bxb7 Qxb7 $10 {Velimirovic,
D-Andersson,U/Reggio/1986/CBM04/INF43,(230)/}) 14... Bc5 15. Qxc5 Qxc5 16. Bxc5
Rxc5 17. Rd6 Ke7 $5 {Eine wichtige Verstaerkung.} (17... b4 $6 18. Na4 Ra5 19.
Rb6 Bxe4 20. Rxb4 Rb5 21. Rc4 $16 {Dvoirys,S-Tregubov,P/RUS-chT/Moscow/1994/
EXP45/INF63,152/}) 18. Rb6 (18. Rfd2 b4 19. Na4 Rc7 $13 (19... Ra5 $5)) 18...
Bc6 19. Rxa6 Nh5 $5 {Fuer den geopferten Bauern hat Schwarz eine starke
Initiative, weil seine Figuren sehr harmonisch stehen.} 20. Bxh5 (20. e5 Bxf3
$1 21. Rxf3 b4 {/\ Rc2}) 20... Rhxh5 21. a4 $5 {Um den schwarzen Druck
abzuschwaechen, gibt Weiss den Mehrbauern zueruck.} (21. a3 f5 $1 22. exf5 (22.
e5 g5 $1 $132) 22... Rhxf5 $44 {Droht /\ Rc4 und g5}) 21... bxa4 (21... b4 $2
22. Na2 Rc4 23. b3 Rxe4 24. Rb6 $16) 22. Nxa4 Rc4 23. Nc3 Bxe4 24. Nxe4 Rxe4 {
Im Endergebnis hat der Nachziehende wegen seiner besseren Bauernstruktur einen
kleinen Vorteil erreichtt. Es droht Rh5-f5.} 25. Ra1 Rb5 26. c3 g6 27. Kh2 Re3
28. Rd2 {Droht /\ Ra7} Rb7 29. Ra8 Re1 30. Rh8 Rb1 31. Rxh4 R1xb2 32. Rxb2 Rxb2
{Droht /\ Rc2  Hecht: T-T Motive: je 2 verbundene Freibauern; Bindung des sT
an seine Bauern führt zum Remis} 33. Rh8 $1 Kf6 34. Kg3 Rd2 (34... Rc2 35. Rc8
d5 36. Rc7 g5 37. fxg5+ Kxg5 38. Rxf7 Rxc3+ $10 {Aehnelt der Partiefortsetzung.
}) 35. Rc8 d5 36. Rc7 Rc2 37. Kf3 g5 38. fxg5+ Kxg5 39. Rxf7 Rxc3+ 40. Ke2 Kg6
(40... e5 41. g4 $10) 41. Rf8 e5 42. g4 d4 43. h4 e4 44. Rf4 $10 Re3+ 45. Kd2
Kh6 46. Rf6+ Kg7 47. Re6 Kf7 48. Re5 Kf6 49. Re8 Rd3+ 50. Ke2 Re3+ 51. Kd2
1/2-1/2

[Event "Capablanca Memorial Elite 37th"]
[Site "Havana"]
[Date "2002.05.11"]
[Round "6"]
[White "Morovic Fernandez, Ivan"]
[Black "Kogan, Artur"]
[Result "0-1"]
[WhiteElo "2556"]
[BlackElo "2540"]
[Annotator "Ribli,Z"]
[PlyCount "74"]
[EventDate "2002.05.06"]
[EventType "tourn"]
[EventRounds "9"]
[EventCountry "CUB"]
[EventCategory "13"]
[SourceTitle "CBM 089"]
[Source "ChessBase"]
[SourceDate "2002.08.12"]
[SourceVersion "1"]
[SourceVersionDate "2002.08.12"]
[SourceQuality "1"]

1. e4 c5 2. Nf3 Nc6 3. d4 cxd4 4. Nxd4 Qc7 5. Nc3 e6 6. Be2 a6 7. O-O Nf6 8.
Be3 {Das ist der klassische Aufbau in der Taimanov-Paulsen Variante.} h5 {
Anstelle des Textzuges könnte Schwarz auch gut mit 8...d6 in die Scheweninger
Variante überleiten. Eine andere Möglichkeit von eigenständiger Bedeutung ist
das zuletzt recht populäre 8...Bb4. Der Textzug ist ein seltener Gast in der
Turnierpraxis, aber in Stellungen dieses Typs spielt man h7-h5, mit der Idee
Ng4.} 9. f4 {Weiß sollte hier besser 9.h3 ziehen. Iim Falle von 9...Bb4 kann
er ebenso 10.Na4 spielen, wie nach 8...Bb4 9.Na4.} (9. Nxc6 dxc6 10. f4 g5 11.
Bd4 Bg7 12. e5 Nd5 13. Nxd5 exd5 14. e6 fxe6 15. Bxh5+ Kd8 16. Bxg7 Qxg7 17.
fxg5 Qxg5 18. Bg4 e5 {0-1 Kujala,A-Pyhala,A/FIN 1989/EXT 97 (41)}) (9. h3 Bb4
10. Bf3 (10. Na4 $5) 10... Ne5 11. Nb1 b5 12. c3 Bd6 13. Bg5 Bb7 14. Bxf6 gxf6
{0-1 Katona,E-Toth,S/Paks 1994/EXT 98 (26)}) (9. a3 Ng4 10. Bxg4 hxg4 11. g3
Ne5 12. Bf4 b5 13. Qe2 Bb7 14. Rac1 Rc8 15. Nb1 Bd6 16. Bxe5 Bxe5 $15 {1-0
Pengili,I-Hoehler,W/Ludwigshafen 1998/EXT 2001 (71)}) 9... b5 {Das ist die
prinzipielle Fortsetzung. Weiß hat großen Entwicklungsvorsprung, aber Schwarz
bekommt taktische Gegenchancen.} (9... d6 {Das wäre eigentlich eine Stellung
der Scheweninger Variante mit dem etwas sonderbaren Zug h7-h5.} 10. Bf3 (10.
Kh1 $5) 10... Bd7 11. a4 Na5 12. Nb3 Nc4 13. Qc1 Be7 14. Bf2 Rc8 15. Be1 Ng4
16. Bxg4 hxg4 17. f5 Qd8 18. Ne2 Bg5 19. Qb1 Ne3 20. fxe6 fxe6 {0-1 Ferragud,
L-Salguero,F/San Rafael 1992/EXT 98 (20)}) 10. Nxc6 (10. e5 Ng4 11. Bxg4 hxg4
12. Qxg4 Bb7 $44 {[%cal Gb7h1] Schwarz hat die Herrschaft über die Diagonale
a8-h1, aber ich bin mir nicht sicher, ob das ausreichend Kompensation
darstellt.}) 10... Qxc6 (10... dxc6 $2 11. e5 $16) 11. Bf3 {[%cal Gf3a8] Droht
12.e5 mit Gewinn.} Ng4 $8 {Gut oder schlecht, Schwarz bleibt hier keine andere
Wahl.} 12. Bd4 $14 (12. Bxg4 $6 hxg4 13. a3 $13 (13. Qxg4 $6 b4 14. Ne2 (14.
Nd1 Qxe4 $15) 14... Qxe4 $15)) 12... d6 (12... Bc5 13. Kh1 $16) 13. e5 (13. a4
$5 b4 14. e5 (14. Ne2 e5 $13) 14... d5 15. Ne2 $14) (13. h3 e5 14. Bf2 Nxf2 15.
Rxf2 $14 {[%csl Yd5][%cal Gc3d5]}) 13... d5 14. Bxg4 $6 {Weiß gewinnt
zeitweilig einen Bauern, lässt Schwarz damit aber zu Gegenspiel kommen.} (14.
f5 $36) (14. Ne2 $14) (14. a4 b4 15. Ne2 $14) 14... hxg4 15. Qxg4 b4 16. Ne2
Qxc2 $132 {[%cal Gc2h7] Aufgrund des geschlossenen Zentrums spielt der weiße
Entwicklungsvorsprung keine besondere Rolle.} 17. Rac1 Qe4 {[%csl Rd4,Re2,Ge4]
Die schwarze Dame steht aktiv auf e4, die weißen Leichtfiguren hingegen wirken
ein wenig gehemmt.} 18. Rfd1 {[#]} g5 $5 $13 {[%mdl 64] Ein origineller Zug -
Schwarz möchte die Linien am Königsflügel öffnen und nutzt den Umstand, dass
Weiß den g-Bauern nicht schlagen kann.} 19. Ng3 (19. Rc7 Bd7 $13 {[%cal Gd7b5,
Gb5e2]}) 19... Qh7 {[%cal Rh8h2]} (19... Qxf4 $2 20. Nh5 Qxg4 (20... Rxh5 21.
Qxh5 $18) 21. Nf6+ Ke7 22. Bc5+ Kd8 23. Bb6+ Ke7 24. Rc7+ $18) 20. fxg5 (20. h3
gxf4 21. Ne2 (21. Qxf4 Bh6 $17 {[%cal Rh6c1]}) 21... Rg8 $36) 20... Qxh2+ 21.
Kf2 {Jetzt droht 22.Rh1 mit Damenfang.} Qh4 22. Kf3 (22. Qxh4 Rxh4 23. Ne2 Be7
$15) 22... Be7 23. Be3 (23. Rh1 Qxg4+ 24. Kxg4 Rg8 25. Rh5 (25. Be3 f6 $1 $17 {
[%csl Rg4][%cal Gc8g4,Gg8g4]}) 25... Bd7 $15) 23... a5 {[%cal Gc8a6,Ga6f1]} 24.
Rh1 Qxg4+ 25. Kxg4 Rg8 (25... Rxh1 $2 26. Rxh1 $36) 26. Rh7 $6 (26. Ne2 $142) (
26. Nh5 $142) 26... Ba6 $1 $15 {[%csl Ga6][%cal Ga6d3,Gd3h7] Endlich greift
der schlechte "französische" Läufer über die Diagonale a6-f1 aktiv ins
Geschehen ein.} 27. Rch1 (27. Rd1 Rc8 $15 {[%cal Gc8c1]}) 27... Bd3 28. Rh8 Kd7
29. Rxg8 Rxg8 30. Rc1 Rc8 $17 {Schwarz hat die viel bessere Bauernstruktur.
Nach dem Turmtausch kann er die weißen Bauern am Damenflügel angreifen. Die
weißen Bauern auf e5 und g5 sind prinzipiell schwach.} 31. Kf3 (31. Rxc8 Kxc8
$17 {[%csl Ra2,Rb2]}) 31... Rxc1 32. Bxc1 {[%mdl 4096]} Kc6 {[%cal Gd5d4]} (
32... Bb1 33. a3 bxa3 34. bxa3 Kc6 35. Ne2 Be4+ 36. Kg3 Kc5 $17) 33. Ne2 Bxe2+
34. Kxe2 d4 $19 {[%csl Gc6,Re5][%cal Gc6d5] Der Textzug räumt das Feld für den
schwarzen König, der von hier aus den Pe5 erobert und damit die Entscheidung
herbeiführt.} 35. Kd3 Kd5 36. Bf4 Bd8 37. Bg3 Bc7 {Weiß gab auf - denn er
verliert den Pe5, und danach gewinnt Schwarz einfach mit e6-e5-e4.} 0-1